000 02075cam a22003854i 4500
999 _c535870
_d535870
001 18143615
005 20200925105116.0
008 140508s2014 nyu b 000 0 eng
010 _a 2014003747
020 _a9781137410047 (hardback : alk. paper)
040 _aDLC
_beng
_cDLC
_erda
_dDLC
042 _apcc
043 _ama-----
050 0 0 _aJQ1850.A38
_bT38 2014
082 0 0 _223
100 1 _aTaylor, William C.,
_d1976-
_930771
245 1 0 _aMilitary responses to the Arab uprisings and the future of civil-military relations in the Middle East :
_banalysis from Egypt, Tunisia, Libya, and Syria /
_cWilliam C. Taylor.
264 1 _aNew York, NY :
_bPalgrave Macmillan,
_c2014.
300 _a252 pages ;
_c22 cm.
336 _atext
_btxt
_2rdacontent
337 _aunmediated
_bn
_2rdamedia
338 _avolume
_bnc
_2rdacarrier
504 _aIncludes bibliographical references.
505 0 _aIntroduction -- The past and future of Arab civil-military relations -- Modeling military decision making in periods of social unrest -- The Tunisian Military's "ambitious support" of the Arab awakening -- The Syrian military's "fervent support" of Bashar al-Assad -- The Egyptian military's "reluctant support" of the Arab awakening -- The Libyan military's "fractured support" of Muammar Gaddafi -- U.S. influence on Arab decision making in times of social unrest -- Arbiters of social unrest-the future of Arab civil-military relations.
650 0 _aCivil-military relations
_zArab countries.
_930772
650 0 _aArab Spring, 2010-
_930773
650 0 _aCivil-military relations
_zEgypt.
_930774
650 0 _aCivil-military relations
_zTunisia.
_930775
650 0 _aCivil-military relations
_zLibya.
_930776
650 0 _aCivil-military relations
_zSyria.
_930777
651 0 _aArab countries
_xArmed Forces
_xPolitical activity.
_930778
906 _a7
_bcbc
_corignew
_d1
_eecip
_f20
_gy-gencatlg
942 _2ddc
_cBK